Self-development and Social Transformations? : (Record no. 607907)

MARC details
000 -LEADER
fixed length control field 00523nam a2200193 a 4500
008 - FIXED-LENGTH DATA ELEMENTS--GENERAL INFORMATION
fixed length control field 260108s2008##################000#0#eng##
020 ## - INTERNATIONAL STANDARD BOOK NUMBER
ISBN 9788131601051
082 04 - DEWEY DECIMAL CLASSIFICATION NUMBER
Classification number 301
Item number GIR
100 1# - MAIN ENTRY--AUTHOR NAME
Personal name Giri, Ananta Kumar,
245 10 - TITLE STATEMENT
Title Self-development and Social Transformations? :
260 ## - PUBLICATION, DISTRIBUTION, ETC. (IMPRINT)
Name of publisher Rawat Books,
Year of publication 2008.
300 ## - PHYSICAL DESCRIPTION
Number of Pages 336 pages
650 #0 - SUBJECT ADDED ENTRY--TOPICAL TERM
Topical Term Community development.
942 ## - ADDED ENTRY ELEMENTS (KOHA)
Koha item type English Books
Holdings
Withdrawn status Lost status Damaged status Not for loan Home library Current library Shelving location Date acquired Full call number Accession Number Price effective from Koha item type
        Anna Centenary Library Anna Centenary Library 3RD FLOOR, B WING 08.01.2026 301 GIR 504745 08.01.2026 English Books

Find us on the map